Baby Names: 3 or 4 Letters (2009) Quiz Stats

 Plays Quiz Updated Nov 15, 2018

Score 0/80 Timer 10:00
13 Plays Today
Overall Rank (Sex) Name % Correct
FOUR LETTER NAMES By Overall Rank (Sex)John
68.2%
THREE LETTER NAMES By Overall Rank (Sex)Ann
63.2%
THREE LETTER NAMES By Overall Rank (Sex)Joe
56.9%
FOUR LETTER NAMES By Overall Rank (Sex)Mary
50.3%
FOUR LETTER NAMES By Overall Rank (Sex)Jack
49.2%
THREE LETTER NAMES By Overall Rank (Sex)Eva
46.6%
THREE LETTER NAMES By Overall Rank (Sex)Ben
46.5%
THREE LETTER NAMES By Overall Rank (Sex)Amy
46%
FOUR LETTER NAMES By Overall Rank (Sex)Emma
45.6%
THREE LETTER NAMES By Overall Rank (Sex)Ava
44.9%
FOUR LETTER NAMES By Overall Rank (Sex)Anna
44.1%
FOUR LETTER NAMES By Overall Rank (Sex)Sara
43.8%
THREE LETTER NAMES By Overall Rank (Sex)Jon
41.7%
THREE LETTER NAMES By Overall Rank (Sex)Mia
41.4%
THREE LETTER NAMES By Overall Rank (Sex)Eve
38.8%
FOUR LETTER NAMES By Overall Rank (Sex)Luke
38.3%
THREE LETTER NAMES By Overall Rank (Sex)Lea
37.9%
THREE LETTER NAMES By Overall Rank (Sex)Ada
37.7%
FOUR LETTER NAMES By Overall Rank (Sex)Jake
35.4%
FOUR LETTER NAMES By Overall Rank (Sex)Ella
34.3%
FOUR LETTER NAMES By Overall Rank (Sex)Alex
34.2%
THREE LETTER NAMES By Overall Rank (Sex)Zoe
32.9%
THREE LETTER NAMES By Overall Rank (Sex)Ian
32.6%
FOUR LETTER NAMES By Overall Rank (Sex)Adam
31.3%
FOUR LETTER NAMES By Overall Rank (Sex)Ryan
31.2%
THREE LETTER NAMES By Overall Rank (Sex)Ali
31%
THREE LETTER NAMES By Overall Rank (Sex)Lia
30.6%
FOUR LETTER NAMES By Overall Rank (Sex)Leah
30.3%
THREE LETTER NAMES By Overall Rank (Sex)Max
29.3%
FOUR LETTER NAMES By Overall Rank (Sex)Eric
29.3%
THREE LETTER NAMES By Overall Rank (Sex)Lee
29.1%
FOUR LETTER NAMES By Overall Rank (Sex)Sean
29%
FOUR LETTER NAMES By Overall Rank (Sex)Lily
29%
THREE LETTER NAMES By Overall Rank (Sex)Ana
28.2%
FOUR LETTER NAMES By Overall Rank (Sex)Kyle
27.8%
THREE LETTER NAMES By Overall Rank (Sex)Eli
26%
THREE LETTER NAMES By Overall Rank (Sex)Ray
25.8%
FOUR LETTER NAMES By Overall Rank (Sex)Jose
25.5%
FOUR LETTER NAMES By Overall Rank (Sex)Evan
24.4%
THREE LETTER NAMES By Overall Rank (Sex)Jay
24.3%
Overall Rank (Sex) Name % Correct
FOUR LETTER NAMES By Overall Rank (Sex)Noah
23.3%
FOUR LETTER NAMES By Overall Rank (Sex)Liam
22.2%
FOUR LETTER NAMES By Overall Rank (Sex)Alan
21%
THREE LETTER NAMES By Overall Rank (Sex)Leo
20.4%
FOUR LETTER NAMES By Overall Rank (Sex)Lucy
20.2%
THREE LETTER NAMES By Overall Rank (Sex)Ari
19.1%
FOUR LETTER NAMES By Overall Rank (Sex)Juan
18.4%
FOUR LETTER NAMES By Overall Rank (Sex)Owen
18.2%
FOUR LETTER NAMES By Overall Rank (Sex)Jade
17.9%
FOUR LETTER NAMES By Overall Rank (Sex)Maya
17.8%
THREE LETTER NAMES By Overall Rank (Sex)Joy
17.4%
FOUR LETTER NAMES By Overall Rank (Sex)Cole
17.2%
FOUR LETTER NAMES By Overall Rank (Sex)Seth
17.2%
THREE LETTER NAMES By Overall Rank (Sex)Mya
16.7%
THREE LETTER NAMES By Overall Rank (Sex)Roy
15.7%
THREE LETTER NAMES By Overall Rank (Sex)Ivy
15.5%
FOUR LETTER NAMES By Overall Rank (Sex)Zoey
15.5%
FOUR LETTER NAMES By Overall Rank (Sex)Joel
14.9%
FOUR LETTER NAMES By Overall Rank (Sex)Cody
14.8%
FOUR LETTER NAMES By Overall Rank (Sex)Ruby
14.6%
THREE LETTER NAMES By Overall Rank (Sex)Gia
14%
THREE LETTER NAMES By Overall Rank (Sex)Nia
13.5%
THREE LETTER NAMES By Overall Rank (Sex)Kai
12.1%
FOUR LETTER NAMES By Overall Rank (Sex)Ivan
11.7%
FOUR LETTER NAMES By Overall Rank (Sex)Jada
10.8%
THREE LETTER NAMES By Overall Rank (Sex)Noe
10.1%
FOUR LETTER NAMES By Overall Rank (Sex)Luis
9.9%
THREE LETTER NAMES By Overall Rank (Sex)Jax
9%
THREE LETTER NAMES By Overall Rank (Sex)Asa
8.9%
THREE LETTER NAMES By Overall Rank (Sex)Rex
8.4%
THREE LETTER NAMES By Overall Rank (Sex)Van
8.4%
FOUR LETTER NAMES By Overall Rank (Sex)Levi
8.1%
THREE LETTER NAMES By Overall Rank (Sex)Ace
7.4%
FOUR LETTER NAMES By Overall Rank (Sex)Lyla
6.3%
FOUR LETTER NAMES By Overall Rank (Sex)Omar
5.7%
THREE LETTER NAMES By Overall Rank (Sex)Dax
5.3%
FOUR LETTER NAMES By Overall Rank (Sex)Gage
5.1%
THREE LETTER NAMES By Overall Rank (Sex)Ean
3.9%
THREE LETTER NAMES By Overall Rank (Sex)Rey
3.8%
THREE LETTER NAMES By Overall Rank (Sex)Luz
3.2%

You're not logged in!

Compare scores with friends on all Sporcle quizzes.
OR
Log In

Show Comments

Extras

Top Quizzes Today


Score Distribution

Your Account Isn't Verified!

In order to create a playlist on Sporcle, you need to verify the email address you used during registration. Go to your Sporcle Settings to finish the process.

Report this User

Report this user for behavior that violates our Community Guidelines.

Details: